| 000 | 00384nam a2200145Ia 4500 | ||
|---|---|---|---|
| 008 | 221030s9999 xx 000 0 und d | ||
| 041 | _aEnglish | ||
| 082 |
_a105.23 _bSax |
||
| 100 | _aS. C. Saxena | ||
| 245 | 0 | _aDigital Transducers ( DEPARTMENTAL ) | |
| 260 |
_bQIP Center, University Of Roorkee, Roorkee _aIndia _c1990 |
||
| 300 | _a287 | ||
| 650 | _aECE Departmental | ||
| 942 | _cBK | ||
| 999 |
_c7548 _d7548 |
||